000 00603cam a22002291 4500
001 sa 66002991
003 DLC
005 20260227112233.0
008 890719s1965 ii c b 000 0 pano
010 _asa 66002991
035 _a(OCoLC)20033637
040 _aDLC
_cWaU
_dDLC
042 _apremarc
050 0 0 _aPK2659.B37
_bZ56
100 1 _aArashī, Guracarana Siṅgha,
_d1944-
245 0 0 _aBāwā Balawanta dī kāwi-kalā.
260 _c[1965]
300 _a192 p.
_bports.
_c19 cm.
500 _aIn Panjabi.
504 _aBibliography: p. 187-192.
600 1 0 _aBawa, Balwant,
_d1915-1972.
999 _c68659
_d68659